| 000 | 01219nam a22003257a 4500 | ||
|---|---|---|---|
| 005 | 20111209135131.0 | ||
| 008 | 111209t xxu||||| |||| 00| 0 eng d | ||
| 010 | _aENG-104301 | ||
| 020 |
_a9781259002014 _c495.00 |
||
| 020 |
_a1259002012 _c495.00 |
||
| 035 | _aEN -87834 | ||
| 037 | _bDBAD/PUB | ||
| 040 |
_aDPL _bEng |
||
| 082 | _a658.401 | ||
| 100 |
_936352 _aLiker, Jeffrey K. |
||
| 245 |
_aThe Toyota way to continuous improvement : _cby Jeffrey K. Liker [and] James K. Franz _blinking strategy and operational excellence to achieve superior performance / |
||
| 260 |
_aNew Delhi _bTata McGraw Hill _c2011 |
||
| 270 |
_a7 West Patel Nagar _bNew Delhi _e110008 |
||
| 300 |
_axxvii,450p _c23cm (pbk) |
||
| 500 | _aIncludes index | ||
| 600 | _936476 | ||
| 610 | _936477 | ||
| 650 |
_936353 _aProduction management |
||
| 650 |
_936481 _aIndustrial productivity |
||
| 650 |
_aCorporate culture. _936753 |
||
| 650 |
_aIndustrial management. _936754 |
||
| 700 |
_936394 _aFranz, James K. |
||
| 942 |
_2ddc _cEN _mLIK _h658.401 |
||
| 999 |
_c59203 _d59203 |
||